| 000 | 00847cam a2200289 4500 | ||
|---|---|---|---|
| 001 | M98943 | ||
| 008 | 090401t1999 xxu||||| |||| 00| 0 eng d | ||
| 035 | _a(Sirsi) u93689 | ||
| 041 | _aeng | ||
| 110 |
_aTelevision Education Network _93468 |
||
| 245 | 4 | _aThe Chartered Surveyors Channel : Mixed option 2. - April 1999 | |
| 260 |
_bTelevision Education Network _c1999 |
||
| 350 | _a0 | ||
| 650 | _aAGENCY | ||
| 650 | _aBLUEWATER RETAIL DEVELOPMENT | ||
| 650 | _aCOMMERCIAL VALUATIONS | ||
| 650 | _aCOMPULSORY PURCHASE AND COMPENSATION | ||
| 650 | _aMANAGEMENT-BUSINESS MANAGEMENT-INFORMATION MANAGEMENT | ||
| 650 | _aINTERNET | ||
| 650 | _aKENT | ||
| 650 | _aPROPERTY LAW | ||
| 650 | _aTAXATION | ||
| 650 | _aTEN VIDEOS | ||
| 690 | _aMANAGEMENT-BUSINESS MANAGEMENT-PROFESSIONAL PRACTICE | ||
| 942 | _n0 | ||
| 948 | _c02/06/1999 | ||
| 999 |
_c97850 _d97850 |
||